| 000 | 00636nam a2200193 i 4500 | ||
|---|---|---|---|
| 001 | 140682 | ||
| 003 | ES-MaACL | ||
| 005 | 20230906200129.0 | ||
| 007 | t| | ||
| 008 | 070914s1981 sp ||||1| spa d | ||
| 100 | 1 |
_aWelkowitz, Joan. _9116439 |
|
| 245 | 1 | 0 |
_aEstadística aplicada a las ciencias de la educación / _cJoan Welkowitz, Robert B. Ewen, Jacob Cohen ; [traducción Albadalejo Laserna]. |
| 260 |
_a[Madrid] : _bSantillana, _c[1981] |
||
| 300 |
_a393 p. ; _c21 cm. |
||
| 700 | 1 |
_aEwen, Robert B. _948414 |
|
| 700 | 1 |
_aCohen, Jacob. _939501 |
|
| 700 | 1 |
_aAlbadalejo Laserna. _919214 |
|
| 852 |
_aES-MaACL _jL-1417 _bR.102151 |
||
| 999 |
_c140682 _d140682 |
||